[Event "OL-NORD WEST 1718 Hamelner SV - Delmenh"]
[Site "?"]
[Date "2017.10.23"]
[Round "2.8"]
[White "Koch, Yannick"]
[Black "Grebener, Soeren"]
[Result "0-1"]
[WhiteElo "1989"]
[BlackElo "2021"]
[PlyCount "80"]
[EventDate "2017.??.??"]

1. d4 d5 2. c4 c6 3. Nf3 Nf6 4. Nc3 dxc4 5. a4 Bf5 6. e3 Nbd7 7. Bxc4 e6 8. O-O
Bb4 9. Qe2 O-O 10. e4 Bg6 11. Bd3 Bh5 12. e5 Nd5 13. Nxd5 cxd5 14. Qe3 Be7 15.
Bd2 Rc8 16. Bc3 Nb6 17. Nd2 Bg6 18. f4 Bxd3 19. Qxd3 g6 20. g4 Nc4 21. Nf3 Qd7
22. Rf2 Rc6 23. b3 Nb6 24. a5 Na8 25. Rg2 Rfc8 26. Bd2 Nc7 27. f5 Na6 28. Ng5
exf5 29. Qh3 Bxg5 30. Bxg5 fxg4 31. Qh6 Nc7 32. Bf6 Ne8 33. Rf1 Rc3 34. Qg5 Rf3
35. Rxg4 Rxf1+ 36. Kxf1 Qb5+ 37. Kg2 Qxb3 38. Rg3 Qd1 39. Qh6 Rc2+ 40. Kh3 Qf1+
0-1

[Event "OLNW 1718 Delmenhorster SK - SF Hannove"]
[Site "?"]
[Date "2017.11.12"]
[Round "3.1"]
[White "Schirm, Friedmar"]
[Black "Korsus, Bernd"]
[Result "1-0"]
[WhiteElo "2271"]
[BlackElo "2333"]
[PlyCount "69"]
[EventDate "2017.??.??"]

1. Nf3 Nf6 2. c4 g6 3. Nc3 Bg7 4. e4 O-O 5. d4 c5 6. Be2 cxd4 7. Nxd4 d6 8. O-O
Nc6 9. Be3 Bd7 10. Qd2 Nxd4 11. Bxd4 a5 12. b3 Bc6 13. f3 Nd7 14. Be3 Re8 15.
Rab1 h5 16. Rfc1 Nc5 17. Bf1 Qb6 18. Rc2 Qb4 19. Qc1 Qb6 20. a3 Qd8 21. b4 axb4
22. axb4 Ne6 23. Rd2 Bxc3 24. Qxc3 Qc7 25. Bd3 Rec8 26. f4 Be8 27. Rc2 d5 28.
exd5 Nxf4 29. Be4 Ba4 30. Rf2 Qxc4 31. Qxc4 Rxc4 32. Rxf4 Rxe4 33. Rxe4 Bc2 34.
Rxe7 Bxb1 35. d6 1-0

[Event "OLNW 1718 Delmenhorster SK - SF Hannove"]
[Site "?"]
[Date "2017.11.12"]
[Round "3.5"]
[White "Kaimer, Thomas"]
[Black "Margraf, Daniel"]
[Result "0-1"]
[WhiteElo "2184"]
[BlackElo "2184"]
[PlyCount "76"]
[EventDate "2017.??.??"]

1. e4 e5 2. f4 d5 3. exd5 exf4 4. Nf3 Ne7 5. Be2 Nxd5 6. c4 Ne7 7. d4 Ng6 8. h4
Be7 9. h5 Nh4 10. Kf1 Nf5 11. Bxf4 Nc6 12. Nc3 Ncxd4 13. Nxd4 Nxd4 14. Nd5 Ne6
15. Be5 Bd6 16. Bc3 h6 17. Rh3 O-O 18. Qd2 Qg5 19. Rf3 Qxd2 20. Bxd2 Nd4 21.
Rd3 Nxe2 22. Kxe2 Bg4+ 23. Kf2 Bxh5 24. Re1 Rfe8 25. Nf4 Rxe1 26. Kxe1 Bg4 27.
Nd5 Be6 28. Ne3 Re8 29. Kf2 Bc5 30. b3 c6 31. Kf3 h5 32. Kg3 f6 33. Nf1 Bf5 34.
Rc3 Re2 35. Be3 Bb4 36. Rc1 g5 37. Bd4 Bd6+ 38. Kf3 Bg4# 0-1

[Event "OLNW 1718 Delmenhorster SK - SF Hannove"]
[Site "?"]
[Date "2017.11.12"]
[Round "3.6"]
[White "Steingraeber, Kai Uwe"]
[Black "Edel, Thomas"]
[Result "0-1"]
[WhiteElo "2104"]
[BlackElo "2107"]
[PlyCount "68"]
[EventDate "2017.??.??"]

1. d4 d5 2. Nf3 Nf6 3. c4 c6 4. Bg5 dxc4 5. e3 Bg4 6. Bxf6 exf6 7. Bxc4 Bb4+ 8.
Nc3 O-O 9. O-O Nd7 10. h3 Bxf3 11. Qxf3 Qe7 12. Rfd1 Rfe8 13. Ne2 Bd6 14. a3 a5
15. Rac1 g6 16. g3 f5 17. Nc3 Rac8 18. Ba2 Nf6 19. Kg2 h5 20. h4 Kg7 21. Rc2
Ng4 22. Na4 Rcd8 23. Rdc1 Qf6 24. Nc5 Re7 25. Rc3 Rde8 26. R1c2 g5 27. hxg5
Qxg5 28. Nxb7 Bb8 29. Nxa5 Nxe3+ 30. Kg1 Nxc2 31. Rxc2 Re4 32. Nxc6 Bxg3 33.
fxg3 Re3 34. Qd5 Qxg3+ 0-1

[Event "OLNW 1718 Delmenhorster SK - SF Hannove"]
[Site "?"]
[Date "2017.11.12"]
[Round "3.7"]
[White "Herrmann, Andreas"]
[Black "Thimm, Torsten"]
[Result "0-1"]
[WhiteElo "2163"]
[BlackElo "2076"]
[PlyCount "104"]
[EventDate "2017.??.??"]

1. d4 d5 2. Nf3 Nf6 3. c3 b6 4. Bf4 e6 5. e3 Be7 6. Nbd2 O-O 7. h3 Bb7 8. Be2
Nbd7 9. O-O c5 10. a4 a6 11. Qb1 Re8 12. Rd1 c4 13. b3 Ne4 14. Nxe4 dxe4 15.
Nd2 cxb3 16. Qxb3 Bf8 17. Bh2 Ra7 18. Rab1 Qe7 19. Nc4 Bd5 20. Qb2 Bxc4 21.
Bxc4 Rc8 22. Bf1 Qa3 23. Qxa3 Bxa3 24. Rb3 Be7 25. g4 f5 26. c4 g6 27. Rdb1 Bd8
28. Bd6 Bc7 29. Ba3 Bd8 30. Be2 Kf7 31. gxf5 gxf5 32. Bh5+ Kf6 33. Be2 Bc7 34.
Bb2 Bd6 35. Bc3 e5 36. Rxb6 Nxb6 37. Rxb6 Ke7 38. c5 Bc7 39. Rh6 Rg8+ 40. Kf1
exd4 41. Bxd4 Rb7 42. Rxh7+ Kf8 43. Bc4 Rb1+ 44. Ke2 Rgg1 45. Bc3 Be5 46. Bd2
Rb2 47. c6 Rc1 48. Rf7+ Ke8 49. Rxf5 Bc3 50. Bf7+ Ke7 51. Rd5 Kxf7 52. Rd7+ Ke6
0-1

[Event "OLNW 1718 Delmenhorster SK - SF Hannove"]
[Site "?"]
[Date "2017.11.12"]
[Round "3.8"]
[White "Grebener, Soeren"]
[Black "Ploog, Martin"]
[Result "0-1"]
[WhiteElo "2021"]
[BlackElo "2093"]
[PlyCount "202"]
[EventDate "2017.??.??"]

1. e4 c5 2. Nf3 Nc6 3. d4 cxd4 4. Nxd4 e5 5. Nb5 d6 6. c4 Be7 7. Bd3 Nf6 8. O-O
O-O 9. a3 Be6 10. Kh1 Rc8 11. Be3 a6 12. N5c3 Ng4 13. Nd5 Nxe3 14. Nxe3 Bg5 15.
Nd5 Na5 16. b3 Bxd5 17. exd5 Qb6 18. Bc2 Qc7 19. Ra2 g6 20. Nc3 f5 21. a4 b6
22. f3 Bf6 23. Qd3 Qg7 24. Nd1 Nb7 25. Qe2 a5 26. Nf2 Qh6 27. g4 Bg5 28. gxf5
gxf5 29. Rg1 Kh8 30. Rg3 Bf4 31. Rh3 Qg5 32. Ra1 Rg8 33. Nd3 Be3 34. Qf1 Qf6
35. Qe2 e4 36. Re1 exd3 37. Qxd3 Bf4 38. Qxf5 Qxf5 39. Bxf5 Rc7 40. Re4 Bg5 41.
f4 Bf6 42. Re6 Bd4 43. Rg3 Rxg3 44. hxg3 Kg7 45. Bc2 Rd7 46. Kg2 Nc5 47. Re8 h6
48. Rb8 Na6 49. Re8 Kf7 50. Re6 Bf6 51. Kf3 Nc5 52. Re2 Re7 53. Rh2 Bg7 54. g4
Bd4 55. g5 Re3+ 56. Kg4 hxg5 57. fxg5 Re1 58. Rh7+ Bg7 59. Rh3 Rg1+ 60. Kh5 Nd7
61. Bf5 Ne5 62. Be6+ Ke7 63. Bf5 Rf1 64. Bh7 Rf3 65. Rxf3 Nxf3 66. Bc2 Nd4 67.
Bd1 Kf7 68. Kg4 Be5 69. Kh5 Kg7 70. Kh4 Bf4 71. Kh5 Bc1 72. Kh4 Kg6 73. Bh5+
Kf5 74. Bg4+ Kg6 75. Bh5+ Kg7 76. Bd1 Nf5+ 77. Kh5 Ng3+ 78. Kg4 Ne4 79. Kf5
Nxg5 80. Bh5 Bd2 81. Be8 Kf8 82. Bh5 Ke7 83. Bg4 Bc1 84. Bd1 Nh3 85. Bc2 Nf4
86. Bd1 Kf7 87. Ke4 Kf6 88. Bc2 Nh3 89. Kf3 Ke5 90. Ke2 Kd4 91. Kd1 Be3 92. Bf5
Nf2+ 93. Kc2 Ne4 94. Bg4 Nc5 95. Be2 Na6 96. Kb2 Nb4 97. Bh5 Kd3 98. Bg6+ Kd2
99. Bf5 Bd4+ 100. Ka3 Kc1 101. Be4 Bb2# 0-1

[Event "OLNW 1718 SV Hellern - Hamelner SV"]
[Site "?"]
[Date "2017.11.12"]
[Round "3.1"]
[White "Bode, Wilfried"]
[Black "Lingnau, Carsten"]
[Result "1/2-1/2"]
[WhiteElo "2345"]
[BlackElo "2421"]
[PlyCount "70"]
[EventDate "2017.??.??"]

1. d4 Nf6 2. Nf3 d5 3. c4 e6 4. Nc3 Bb4 5. cxd5 exd5 6. Bg5 h6 7. Bxf6 Qxf6 8.
Rc1 O-O 9. a3 Bxc3+ 10. Rxc3 c6 11. e3 Bf5 12. Be2 Nd7 13. O-O a5 14. Nd2 Qe7
15. Qb3 Rfb8 16. Ra1 Qd6 17. Nf1 Nf6 18. Ng3 Bg6 19. Qd1 Re8 20. b3 Rec8 21.
Bf3 Rc7 22. Rcc1 Qe7 23. Ne2 Be4 24. Nc3 Bxf3 25. Qxf3 Rac8 26. Na4 Rd8 27. Nc5
Ne8 28. a4 Nd6 29. Qe2 Re8 30. Rab1 Qg5 31. Qf3 Ree7 32. Qg3 Qf6 33. Qf3 Qg5
34. Qg3 Qf6 35. Qf3 Qg5 {(=)} 1/2-1/2

[Event "OLNW 1718 SV Hellern - Hamelner SV"]
[Site "?"]
[Date "2017.11.12"]
[Round "3.2"]
[White "Niendieker, Stephan"]
[Black "Belov, Igor"]
[Result "1/2-1/2"]
[WhiteElo "2108"]
[BlackElo "2253"]
[PlyCount "94"]
[EventDate "2017.??.??"]

1. g3 c5 2. c4 Nc6 3. Bg2 g6 4. Nc3 Bg7 5. Nf3 e5 6. d3 Nge7 7. O-O O-O 8. Ne1
d6 9. Nc2 Be6 10. Ne3 Qd7 11. Re1 Bh3 12. Bh1 f5 13. Ned5 f4 14. e3 fxg3 15.
hxg3 Rf7 16. Nxe7+ Nxe7 17. Qa4 Qg4 18. Qd1 Qf5 19. Qc2 Raf8 20. Ne4 Qd7 21.
Bd2 h6 22. Rec1 g5 23. Bg2 Ng6 24. Be1 Bxg2 25. Kxg2 b6 26. Qe2 d5 27. cxd5
Qxd5 28. Rc3 Ne7 29. Qc2 Qa8 30. Qb3 Nd5 31. Rc2 Nf6 32. Qc4 Kh8 33. Kf1 b5 34.
Qxc5 Nxe4 35. dxe4 Qxe4 36. Kg1 a6 37. Qc6 Qf5 38. Bb4 Rg8 39. Rac1 Rf6 40. Qd5
h5 41. Bc3 Re6 42. f3 Qg6 43. Rh2 Rge8 44. Rd1 Kh7 45. Rdd2 Qb1+ 46. Kg2 Qg6
47. Kg1 Qb1+ 1/2-1/2

[Event "OLNW 1718 SV Hellern - Hamelner SV"]
[Site "?"]
[Date "2017.11.12"]
[Round "3.3"]
[White "van Son, Lutz"]
[Black "Stock, Joerg"]
[Result "1-0"]
[WhiteElo "2131"]
[BlackElo "2203"]
[PlyCount "65"]
[EventDate "2017.??.??"]

1. e4 c5 2. Nf3 e6 3. d4 cxd4 4. Nxd4 a6 5. Bd3 Nf6 6. O-O Qc7 7. Kh1 d6 8. c4
g6 9. Nc3 Bg7 10. f4 Nbd7 11. Be3 O-O 12. Rc1 Re8 13. Qd2 b6 14. Nde2 Bb7 15.
Ng3 Rac8 16. b3 Qb8 17. f5 exf5 18. exf5 Qa8 19. Bd4 Ne5 20. Bb1 Nfg4 21. fxg6
hxg6 22. Be4 Bh6 23. Qc2 Bxc1 24. Qxc1 Bxe4 25. Ngxe4 Nd3 26. Qd1 f5 27. Qxd3
fxe4 28. Qh3 Ne5 29. Nd5 Rf8 30. Nf6+ Rxf6 31. Rxf6 Rf8 32. Bxe5 Qe8 33. Qh8+
1-0

[Event "OLNW 1718 SV Hellern - Hamelner SV"]
[Site "?"]
[Date "2017.11.12"]
[Round "3.4"]
[White "zur Lage, Julian"]
[Black "Renner, Kai"]
[Result "0-1"]
[WhiteElo "2156"]
[BlackElo "2138"]
[PlyCount "34"]
[EventDate "2017.??.??"]

1. d4 f5 2. g3 Nf6 3. Bg2 g6 4. Nf3 Bg7 5. O-O O-O 6. c4 d6 7. Nc3 Qe8 8. Re1
Qf7 9. d5 Ne4 10. Nb5 e5 11. e3 a6 12. Na3 Nd7 13. Nd2 Nec5 14. Nf3 h6 15. Re2
e4 16. Nd4 Ne5 17. Nac2 Nxc4 0-1

[Event "OLNW 1718 SV Hellern - Hamelner SV"]
[Site "?"]
[Date "2017.11.12"]
[Round "3.5"]
[White "David, Adrian"]
[Black "Weist, Thorben"]
[Result "1/2-1/2"]
[WhiteElo "2274"]
[BlackElo "1975"]
[PlyCount "42"]
[EventDate "2017.??.??"]

1. Nf3 c5 2. c4 Nc6 3. d4 cxd4 4. Nxd4 g6 5. e4 Bg7 6. Be3 Nf6 7. Nc3 O-O 8.
Be2 d6 9. O-O Bd7 10. Rc1 Nxd4 11. Bxd4 Bc6 12. f3 Nd7 13. Be3 a5 14. b3 Nc5
15. Qd2 Qb6 16. Rb1 Rfc8 17. a3 Nxb3 18. Qd3 Nc5 19. Rxb6 Nxd3 20. Nd5 Bxd5 21.
exd5 Nc5 {(=)} 1/2-1/2

[Event "OLNW 1718 SV Hellern - Hamelner SV"]
[Site "?"]
[Date "2017.11.12"]
[Round "3.6"]
[White "Bade, Hans-Juergen"]
[Black "Gerstmann, Frank"]
[Result "0-1"]
[WhiteElo "1996"]
[BlackElo "2139"]
[PlyCount "78"]
[EventDate "2017.??.??"]

1. e4 c5 2. Nc3 d6 3. f4 Nc6 4. Nf3 g6 5. Bb5 Bd7 6. O-O Bg7 7. d3 e6 8. Bxc6
Bxc6 9. Qe1 Ne7 10. Bd2 O-O 11. Kh1 b5 12. Qh4 b4 13. Nd1 Qd7 14. f5 exf5 15.
Bh6 f6 16. Nf2 Qb7 17. Rae1 Rae8 18. Bxg7 Kxg7 19. Qg3 fxe4 20. dxe4 Nc8 21.
Nh4 Re6 22. Nf5+ Kh8 23. Qb3 Rfe8 24. Ng3 Bb5 25. c4 bxc3 26. bxc3 Qa6 27. Rg1
Bc4 28. Qb8 Qxa2 29. Ng4 Qb3 30. Qa8 Ba6 31. Rb1 Qxc3 32. Rb8 h5 33. Qc6 d5 34.
Qxd5 hxg4 35. Qd7 Qe5 36. Rbb1 R8e7 37. Qd8+ Kg7 38. Rgd1 Nb6 39. Ra1 Rd7 0-1

[Event "OLNW 1718 SV Hellern - Hamelner SV"]
[Site "?"]
[Date "2017.11.12"]
[Round "3.8"]
[White "Ewert, Hannes"]
[Black "Tonndorf, Matthias"]
[Result "1-0"]
[WhiteElo "2285"]
[BlackElo "2285"]
[PlyCount "111"]
[EventDate "2017.??.??"]

1. Nf3 c5 2. c4 Nc6 3. Nc3 g6 4. e3 Bg7 5. d4 d6 6. Be2 Bg4 7. d5 Bxc3+ 8. bxc3
Bxf3 9. Bxf3 Ne5 10. Be2 f5 11. f4 Nd7 12. Bd3 Qa5 13. Qc2 Ngf6 14. Rb1 Rb8 15.
O-O O-O 16. Bd2 Rf7 17. h3 Qc7 18. Kh2 b5 19. Rxb5 Rxb5 20. cxb5 c4 21. Be2 Ne4
22. Rb1 Nb6 23. Bf3 Nf6 24. a4 Nbxd5 25. e4 fxe4 26. Bxe4 Qc5 27. Bf3 Qf2 28.
Qc1 e5 29. fxe5 dxe5 30. Qe1 Qxe1 31. Rxe1 Re7 32. Bg5 e4 33. Be2 Rc7 34. Bxf6
Nxf6 35. Rd1 Kf7 36. Rd4 Ke6 37. Kg3 Ke5 38. Rxc4 Nh5+ 39. Kf2 Rf7+ 40. Ke3 Nf6
41. Rc5+ Nd5+ 42. Kd2 Kd6 43. Rc6+ Kd7 44. Bg4+ Ke7 45. Be6 e3+ 46. Ke1 Rf5 47.
Bxf5 gxf5 48. g3 f4 49. gxf4 Nxf4 50. Rc7+ Kd6 51. Rxa7 Nxh3 52. Ke2 Ng5 53.
Kxe3 Kc5 54. Rg7 Ne6 55. Rxh7 Kc4 56. b6 1-0

[Event "OLNW 1718 SK Nordhorn Blanke - SV Werde"]
[Site "?"]
[Date "2017.11.12"]
[Round "3.1"]
[White "Kardoeus, David"]
[Black "Kroeze, Frank M"]
[Result "0-1"]
[WhiteElo "2182"]
[BlackElo "2397"]
[PlyCount "74"]
[EventDate "2017.??.??"]

1. e4 c5 2. Nf3 e6 3. d4 cxd4 4. Nxd4 a6 5. Bd3 Nf6 6. c4 Qc7 7. Nc3 Nc6 8.
Nxc6 dxc6 9. Be3 e5 10. f3 Nd7 11. Qd2 Bc5 12. a3 Qb6 13. Bg5 Bd4 14. b4 a5 15.
c5 Qa7 16. Ke2 Nf8 17. Rhd1 Ne6 18. Bc4 O-O 19. Bxe6 Bxe6 20. Be3 Rad8 21. Kf2
Qb8 22. Bxd4 exd4 23. Ne2 d3 24. Nf4 Bb3 25. Re1 Bc2 26. e5 Rfe8 27. e6 fxe6
28. Nxe6 Rd7 29. Re4 Rde7 30. Rae1 axb4 31. Qxb4 d2 32. Qc4 dxe1=Q+ 33. Rxe1
Kh8 34. Ng5 Bg6 35. Rxe7 Rxe7 36. Qh4 Qe5 37. Nf7+ Bxf7 0-1

[Event "OLNW 1718 SK Nordhorn Blanke - SV Werde"]
[Site "?"]
[Date "2017.11.12"]
[Round "3.2"]
[White "Bertholee, Rob"]
[Black "Steffens, Olaf"]
[Result "1-0"]
[WhiteElo "2325"]
[BlackElo "2260"]
[PlyCount "77"]
[EventDate "2017.??.??"]

1. e4 a6 2. c3 b5 3. a4 Bb7 4. f3 e6 5. axb5 f5 6. exf5 Nh6 7. fxe6 Nf5 8. Nh3
Bd6 9. e7 Bxe7 10. bxa6 Nxa6 11. d4 Bh4+ 12. g3 Nc5 13. Rxa8 Qxa8 14. Be2 Nxg3
15. hxg3 Bxg3+ 16. Kf1 O-O 17. Kg2 Ne4 18. Nd2 Bh4 19. Nxe4 Bxe4 20. Bg5 Bxg5
21. Nxg5 Bf5 22. Bd3 h6 23. Bxf5 Rxf5 24. Ne4 Qa6 25. Ng3 Rg5 26. f4 Qb7+ 27.
Qf3 Qxb2+ 28. Qf2 Qb7+ 29. Kh2 Rg4 30. Re1 Qc6 31. Re8+ Kf7 32. Qe3 Qf6 33. Rc8
Qc6 34. Qe8+ Kf6 35. Qe5+ Kf7 36. Qf5+ Ke7 37. Qf8+ Ke6 38. Re8+ Kd5 39. Qf7+
1-0

[Event "OLNW 1718 SK Nordhorn Blanke - SV Werde"]
[Site "?"]
[Date "2017.11.12"]
[Round "3.3"]
[White "Lai Hop, Duong"]
[Black "Elgersma, Simon"]
[Result "1-0"]
[WhiteElo "2181"]
[BlackElo "2158"]
[PlyCount "93"]
[EventDate "2017.??.??"]

1. d4 Nf6 2. Nf3 g6 3. Bf4 Bg7 4. e3 d6 5. c3 O-O 6. h3 Nbd7 7. Nbd2 c5 8. Bd3
b6 9. O-O Bb7 10. e4 e5 11. Bh2 Qe7 12. Re1 Rfd8 13. a4 Nh5 14. Nc4 Nf4 15. Bf1
Nf8 16. Qb3 Rab8 17. Rad1 Bc6 18. Qa2 Qf6 19. dxe5 Nxh3+ 20. gxh3 Qxf3 21. Bg2
Qh5 22. exd6 Ne6 23. Rd3 Rb7 24. f4 Bh6 25. Ne5 Be8 26. Ng4 Bg7 27. Rd5 Qh4 28.
Re3 Rc8 29. Bg3 Qd8 30. f5 h5 31. fxe6 fxe6 32. d7 Bxd7 33. Ne5 Qg5 34. Rxd7
Qxe3+ 35. Kh2 Qxg3+ 36. Kxg3 Bxe5+ 37. Kf2 Rf8+ 38. Kg1 Rxd7 39. Qxe6+ Rff7 40.
Qxe5 Rd1+ 41. Kh2 Rd2 42. Qg5 Rff2 43. Qxg6+ Kf8 44. b4 cxb4 45. cxb4 Ke7 46.
Kg1 Rfe2 47. Bf1 1-0

[Event "OLNW 1718 SK Nordhorn Blanke - SV Werde"]
[Site "?"]
[Date "2017.11.12"]
[Round "3.4"]
[White "Plasman, Hans"]
[Black "Elmali, Timur"]
[Result "0-1"]
[WhiteElo "2206"]
[BlackElo "2126"]
[PlyCount "59"]
[EventDate "2017.??.??"]

1. d4 Nf6 2. Nf3 g6 3. g3 Bg7 4. Bg2 O-O 5. O-O d5 6. c4 c6 7. Qb3 dxc4 8. Qxc4
Na6 9. Nc3 Be6 10. Qa4 Nd5 11. Qd1 Nxc3 12. bxc3 Qa5 13. Qc2 Nc7 14. Bf4 Nb5
15. Rfc1 Na3 16. Qd1 Rfd8 17. Ng5 Bc4 18. Ne4 e5 19. Bg5 exd4 20. Bxd8 Rxd8 21.
Qe1 f5 22. Nd2 dxc3 23. Nxc4 Nxc4 24. Rab1 Nb2 25. h4 Rd2 26. Bf3 Bd4 27. h5
Qxa2 28. hxg6 hxg6 29. Ra1 Qe6 30. Rab1 0-1

[Event "OLNW 1718 SK Nordhorn Blanke - SV Werde"]
[Site "?"]
[Date "2017.11.12"]
[Round "3.5"]
[White "Krallmann, Matthias"]
[Black "Oehne, Timo"]
[Result "0-1"]
[WhiteElo "2146"]
[BlackElo "2136"]
[PlyCount "77"]
[EventDate "2017.??.??"]

1. d4 g6 2. c4 Bg7 3. Nf3 e6 4. e4 Ne7 5. Nc3 O-O 6. Be2 d5 7. cxd5 exd5 8.
exd5 Nxd5 9. Bg5 Nxc3 10. bxc3 Qd5 11. O-O Bg4 12. Qd2 Re8 13. h3 Bf5 14. Rfe1
Nc6 15. Rad1 Na5 16. Bh6 Bh8 17. Ng5 Nc4 18. Qf4 Nb2 19. c4 Qa5 20. Qd2 Qxd2
21. Rxd2 Nxc4 22. Rdd1 Nd6 23. g4 Bd7 24. Bf3 Rxe1+ 25. Rxe1 Re8 26. Rc1 c6 27.
d5 Rc8 28. Re1 Bf6 29. dxc6 Bxc6 30. Bxc6 bxc6 31. Ne4 Nxe4 32. Rxe4 c5 33. Be3
c4 34. Kf1 Bb2 35. Ke2 f5 36. gxf5 gxf5 37. Rf4 c3 38. Rxf5 c2 39. Ra5 0-1

[Event "OLNW 1718 SK Nordhorn Blanke - SV Werde"]
[Site "?"]
[Date "2017.11.12"]
[Round "3.6"]
[White "Baisakow, Alexander"]
[Black "Wachinger, Nikolas"]
[Result "0-1"]
[WhiteElo "2186"]
[BlackElo "2048"]
[PlyCount "56"]
[EventDate "2017.??.??"]

1. e4 c5 2. Nf3 d6 3. d4 cxd4 4. Nxd4 Nf6 5. Nc3 a6 6. Bg5 Nbd7 7. f4 Qa5 8.
Qd2 e6 9. Be2 b5 10. Bf3 Bb7 11. e5 Bxf3 12. Nxf3 b4 13. exf6 bxc3 14. bxc3
gxf6 15. Bh4 Rc8 16. O-O Qxc3 17. Qe2 Qc4 18. Qe1 Qxf4 19. Rd1 Be7 20. Rd4 Qf5
21. c4 Rg8 22. Rf2 Rg4 23. h3 Rxd4 24. Nxd4 Qe5 25. Qc3 d5 26. Bg3 Rxc4 27.
Qxc4 dxc4 28. Bxe5 fxe5 0-1

[Event "OLNW 1718 SK Nordhorn Blanke - SV Werde"]
[Site "?"]
[Date "2017.11.12"]
[Round "3.7"]
[White "Schoetzig, Detlef"]
[Black "Hoellmann, Ludger"]
[Result "0-1"]
[WhiteElo "2114"]
[BlackElo "2111"]
[PlyCount "50"]
[EventDate "2017.??.??"]

1. d4 d5 2. Nf3 Nf6 3. g3 e6 4. Bg2 b5 5. Ne5 Bb7 6. O-O Nbd7 7. Nd3 Be7 8. Bf4
O-O 9. a4 b4 10. a5 Ba6 11. Re1 Rb8 12. Nd2 Nh5 13. Ne5 Bb5 14. Nxd7 Qxd7 15.
Be3 Nf6 16. Nf3 Ng4 17. Bf4 Bd6 18. Qd2 Rfc8 19. h3 Nf6 20. Ne5 Qd8 21. Bg5 c5
22. e4 dxe4 23. Ng4 Be7 24. Nxf6+ Bxf6 25. Bxf6 gxf6 0-1

[Event "OLNW 1718 SK Nordhorn Blanke - SV Werde"]
[Site "?"]
[Date "2017.11.12"]
[Round "3.8"]
[White "Bierenbroodspot, Paul"]
[Black "Buescher, Andre"]
[Result "1/2-1/2"]
[WhiteElo "2081"]
[BlackElo "2054"]
[PlyCount "62"]
[EventDate "2017.??.??"]

1. e4 e6 2. Nf3 d5 3. Nc3 Nf6 4. exd5 exd5 5. d4 Be7 6. Bg5 h6 7. Bf4 Bf5 8.
Bd3 Ne4 9. O-O Nxc3 10. bxc3 Bxd3 11. Qxd3 c6 12. Rfe1 O-O 13. Rab1 b5 14. Ne5
Bg5 15. Bg3 Bf6 16. f4 Bxe5 17. fxe5 Re8 18. Rf1 Nd7 19. Rf5 Qe7 20. Rbf1 Rf8
21. Qf3 Rae8 22. Qf2 Qe6 23. Bh4 Qg6 24. Qf4 c5 25. Rf3 Qe6 26. Bf6 Nxf6 27.
exf6 Qe1+ 28. Rf1 Qe3+ 29. Qxe3 Rxe3 30. Rxd5 Rxc3 31. Rxc5 Rc8 1/2-1/2

[Event "OLNW 1718 SV Lingen - SC Tempo Götting"]
[Site "?"]
[Date "2017.11.12"]
[Round "3.1"]
[White "Armbrust, Florian"]
[Black "Epishin, Vladimir"]
[Result "0-1"]
[WhiteElo "2320"]
[BlackElo "2519"]
[PlyCount "98"]
[EventDate "2017.??.??"]

1. e4 c6 2. d4 d5 3. exd5 cxd5 4. c4 Nf6 5. Nc3 g6 6. cxd5 Nxd5 7. Bc4 Nxc3 8.
bxc3 Bg7 9. Bf4 Qa5 10. Qb3 O-O 11. Nf3 Nc6 12. O-O Qf5 13. Bc7 b6 14. Qa3 Bb7
15. Ba6 Bxa6 16. Qxa6 Qc8 17. Qxc8 Rfxc8 18. Bf4 e6 19. Rac1 Na5 20. Rfd1 Rc4
21. Rd3 Rac8 22. Kf1 Nc6 23. Rb1 Ne7 24. Bd2 Nd5 25. Rb3 Ra4 26. a3 Rac4 27.
Ne1 a5 28. Nc2 a4 29. Rb2 Bf8 30. Ne3 Bxa3 31. Ra2 Nxe3+ 32. Rxe3 Bd6 33. Re1
b5 34. Rb1 Rb8 35. Ke2 e5 36. Kd3 exd4 37. Rxb5 Rxc3+ 38. Bxc3 Rxb5 39. Bxd4 a3
40. Rc2 f5 41. Rc8+ Kf7 42. Rh8 h5 43. Rh7+ Ke6 44. Rg7 Be5 45. Bxe5 Kxe5 46.
Ra7 Rb3+ 47. Ke2 Kd4 48. Rd7+ Kc3 49. Rd3+ Kc4 0-1

[Event "OLNW 1718 SV Lingen - SC Tempo Götting"]
[Site "?"]
[Date "2017.11.12"]
[Round "3.2"]
[White "Milanovic, Danilo"]
[Black "Boettcher, Christian"]
[Result "1-0"]
[WhiteElo "2488"]
[BlackElo "2188"]
[PlyCount "65"]
[EventDate "2017.??.??"]

1. d4 f5 2. g3 Nf6 3. Bg2 g6 4. Nf3 Bg7 5. b3 O-O 6. Bb2 d6 7. O-O Qe8 8. Nbd2
Nc6 9. Nc4 h6 10. d5 Nd8 11. Nd4 Qf7 12. Nb5 c6 13. dxc6 Nxc6 14. Ne3 Bd7 15.
c4 Rad8 16. Nd5 a6 17. Nbc3 Nxd5 18. Bxd5 Be6 19. Bg2 Rb8 20. Qd2 Rfc8 21. Rac1
Ne5 22. Nd5 Kh7 23. Nf4 Nd7 24. Bxg7 Kxg7 25. Qe3 Nf8 26. c5 Rd8 27. cxd6 Rxd6
28. Rc7 b5 29. Qa7 Re8 30. Bc6 Rxc6 31. Rxc6 Bd7 32. Rc7 e5 33. Rd1 1-0

[Event "OLNW 1718 SV Lingen - SC Tempo Götting"]
[Site "?"]
[Date "2017.11.12"]
[Round "3.3"]
[White "Schmidt, Alexander"]
[Black "Gutman, Lev"]
[Result "0-1"]
[WhiteElo "2115"]
[BlackElo "2406"]
[PlyCount "62"]
[EventDate "2017.??.??"]

1. e4 c5 2. Nf3 d6 3. d4 cxd4 4. Nxd4 Nf6 5. Nc3 a6 6. g3 e5 7. Nb3 Be7 8. Bg2
O-O 9. O-O Be6 10. Nd5 Bxd5 11. exd5 Nbd7 12. Be3 Nb6 13. Qd3 Qc7 14. Bxb6 Qxb6
15. c4 a5 16. Rab1 g6 17. h3 Nd7 18. Kh2 f5 19. f3 Bg5 20. Rfe1 Rae8 21. Re2
Qb4 22. h4 Bh6 23. Rc2 a4 24. Nc1 f4 25. Ne2 fxg3+ 26. Kxg3 Nc5 27. Qc3 Qb6 28.
b4 axb3 29. axb3 e4 30. b4 Nd3 31. Qd4 Bf4+ 0-1

[Event "OLNW 1718 SV Lingen - SC Tempo Götting"]
[Site "?"]
[Date "2017.11.12"]
[Round "3.4"]
[White "Milenkovic, Mladen"]
[Black "Holloway, Timo"]
[Result "1/2-1/2"]
[WhiteElo "2335"]
[BlackElo "2110"]
[PlyCount "114"]
[EventDate "2017.??.??"]

1. e4 c5 2. Nf3 e6 3. d4 cxd4 4. Nxd4 a6 5. Bd3 Qc7 6. f4 d6 7. Qe2 Nd7 8. Be3
Ngf6 9. Nd2 e5 10. N4f3 Ng4 11. O-O-O Nxe3 12. Qxe3 Be7 13. Nb1 exf4 14. Qxf4
Bf6 15. Be2 Ne5 16. Qd2 Be6 17. Qxd6 Qxd6 18. Rxd6 Nxf3 19. gxf3 Be5 20. Rdd1
Bxa2 21. Nd2 Be6 22. Nc4 Bf4+ 23. Kb1 Ke7 24. Nb6 Rad8 25. c4 Rxd1+ 26. Bxd1
Rd8 27. Nd5+ Bxd5 28. exd5 Kd6 29. Rg1 g5 30. Re1 Rc8 31. Bb3 h5 32. h3 Be5 33.
Re2 f5 34. Kc2 h4 35. Rg2 Bf4 36. Kd3 Re8 37. Re2 Re5 38. Rxe5 Bxe5 39. Bc2
Bxb2 40. Ke2 Ke5 41. d6 Ba3 42. d7 Be7 43. Ke3 Bd8 44. Bb3 Bb6+ 45. Kd3 g4 46.
fxg4 fxg4 47. c5 Bd8 48. hxg4 h3 49. Bd1 Kd5 50. Bf3+ Kxc5 51. Bxb7 Kb6 52. Bd5
Kc7 53. Ke2 Kxd7 54. Kf2 Kd6 55. Bc4 Bh4+ 56. Kg1 a5 57. Kh2 Kc5 1/2-1/2

[Event "OLNW 1718 SV Lingen - SC Tempo Götting"]
[Site "?"]
[Date "2017.11.12"]
[Round "3.5"]
[White "Seemann, Semjon"]
[Black "Kollen, Zyon"]
[Result "1/2-1/2"]
[WhiteElo "2084"]
[BlackElo "2296"]
[PlyCount "93"]
[EventDate "2017.??.??"]

1. e4 e6 2. d4 d5 3. exd5 exd5 4. c4 Nf6 5. Nc3 c6 6. Nf3 Be7 7. Be2 O-O 8. h3
dxc4 9. Bxc4 Nbd7 10. O-O Nb6 11. Bd3 h6 12. Bf4 Be6 13. Re1 Re8 14. Qd2 a5 15.
Rad1 Nbd5 16. Be5 a4 17. a3 Nxc3 18. Qxc3 Qd7 19. Bc2 Bf5 20. Bxf6 Bxc2 21.
Qxc2 Bxf6 22. Rxe8+ Qxe8 23. Qc5 Qd8 24. Qb4 Qc7 25. Rc1 Ra5 26. Rc5 Rxc5 27.
dxc5 Qd7 28. Qxa4 Bxb2 29. Qb3 Bf6 30. a4 Qc7 31. Qe3 Kf8 32. Qd3 Ke8 33. Nd2
Qd7 34. Qe2+ Kd8 35. Nc4 Be7 36. Qe5 f6 37. Qb8+ Qc8 38. Qg3 Bf8 39. Nb6 Qc7
40. Qd3+ Ke8 41. Qg6+ Ke7 42. Qg4 Qd8 43. Qe4+ Kf7 44. Qc4+ Kg6 45. Qg4+ Kf7
46. Qc4+ Kg6 47. Qg4+ 1/2-1/2